| 000 | 00623nam a2200205 i 4500 | ||
|---|---|---|---|
| 001 | 78312 | ||
| 003 | ES-MaACL | ||
| 005 | 20230906173643.0 | ||
| 007 | t| | ||
| 008 | 041013s1961 sp ||||1| spa d | ||
| 080 | _a551.462 | ||
| 100 | 1 |
_aHass, Hans. _962041 |
|
| 245 | 1 | 0 |
_aAventuras y exploraciones submarinas / _cHans Hass ; [traducción de Eduardo J. Van den Bossche]. |
| 250 | _a1ª ed. | ||
| 260 |
_aBarcelona : _bJuventud, _c1961. |
||
| 300 |
_a324 p., [10] h. de lám. ; _c23 cm. |
||
| 650 | 4 |
_aExploraciones submarinas. _912697 |
|
| 700 | 1 |
_aBossche, Eduardo J. van den. _930709 |
|
| 852 |
_aES-MaACL _jC-20376 |
||
| 999 |
_c78312 _d78312 |
||